00775nam a22001937a 450000500170000001000150001702000260003203500140005803700090007208200080008110000410008924501390013026000520026927000710032130000220039294200220041499900190043695201260045520240718153201.0 aENG-140898 a9789388570008c750.00 aEN-124430 bDBAD a810 aDepartment of Crop Physiology968557 aNational Seminar on Abiotiv Stress Management Challenges and Opportunities:bSouvenir and Abstracts/cBy Department of Crop Physiology aTamil NadubDepartment of Crop Physiologyc2011 aTamil Nadu Agricultural University, CoimbatorebTamil Nadue641003 a296p. c26cm.(Hb) 2ddccENmNATh630 c204192d204192 001040708NFICaNRbNRd2024-07-18eDBADg750.00l0oNAT 630pEN-124430r2024-07-18 00:00:00t1v750.00w2024-07-18yEN